| 000 | 00737nam a2200205Ia 4500 | ||
|---|---|---|---|
| 001 | 5055 | ||
| 003 | GE_BSU | ||
| 008 | 181216s||||||||xx |||||||||||||| ||und|| | ||
| 040 | _cGE_BSU | ||
| 080 | _a621.757(075.8) | ||
| 100 | _aГусев,А.А. Ковальчук Е.Р. Колесов,И.М. и др. Ред.: Н.А.Лебедева, И.С.Форстен. | ||
| 245 | _aТехнология машиностроения(специальная часть). | ||
| 245 | _bУчебник. | ||
| 260 | _aМ. | ||
| 260 | _bМашиностроение. | ||
| 260 | _c1986. | ||
| 300 | _a480 стр. с илл. 22 см. Библиогр.: стр. 472-473. | ||
| 653 | _aТехнология машиностроения. | ||
| 942 | _cBK | ||
| 999 |
_c38738 _d38738 |
||